Penunjuk Ekonomi Malaysia Indeks Pelopor Serentak & Susulan=Malaysia Economic Indicators Leading, Coincident & Lagging Indices : Oktober 2003

Bibliographic Details
Corporate Author: Malaysia. Jabatan Perangkaan
Format: Book
Language:English
Published: Putrajaya : Jabatan Perangkaan Malaysia 2003
Subjects:

MARC

LEADER 00000cam a2200000 7i4500
001 0000014941
005 20241029.0
008 240402 my a eng
022 |a 1511872X 
040 |a INS   |b eng   |e rda 
090 0 0 |a RHC445.5   |b .M35 2003 
110 1 |a Malaysia. Jabatan Perangkaan 
245 0 0 |a Penunjuk Ekonomi Malaysia Indeks Pelopor Serentak & Susulan=Malaysia Economic Indicators Leading, Coincident & Lagging Indices :   |b Oktober 2003 
264 1 |a Putrajaya :   |b Jabatan Perangkaan Malaysia   |c 2003 
300 |a 22 pages :   |b illustrations ;   |c 30 cm. 
336 |a text  |2 rdacontent 
337 |a unmediated  |2 rdamedia 
338 |a volume  |2 rdacarrier 
651 0 |a Malaysia   |x Economic conditions   |x Statistics 
999 |a 0000014764   |b BOOK   |c Red Spot   |e Default branch